Nigeria and the ECOWAS since 1985 : towards a dynamic regional integration (Record no. 32975)

MARC details
000 -LEADER
fixed length control field 00559nam a2200181Ia 4500
020 ## - INTERNATIONAL STANDARD BOOK NUMBER
ISBN 9781563575
050 ## - CALL MARK
Classification number HC 1000 .N83/
100 ## - STATEMENT OF RESPONSIBILITY--MAIN AUTHOR NAME
Personal name Nwachukwu, Ike.
245 #0 - TITLE STATEMENT
Title Nigeria and the ECOWAS since 1985 : towards a dynamic regional integration
260 ## - PUBLICATION, DISTRIBUTION, ETC. (IMPRINT)
Place of publication Enugu-Nigeria
260 ## - PUBLICATION, DISTRIBUTION, ETC. (IMPRINT)
Name of publisher Fourth Dimension Publishing co. Ltd.
260 ## - PUBLICATION, DISTRIBUTION, ETC. (IMPRINT)
Year of publication 1991
300 ## - PHYSICAL DESCRIPTION
Number of Pages 258 p
650 ## - SUBJECT ADDED ENTRY--TOPICAL TERM
Topical Term Economic Community of West African States. Africa, West--Economic integration.
942 ## - ADDED ENTRY ELEMENTS (KOHA)
Koha item type Books
Holdings
Withdrawn status Lost status Source of classification or shelving scheme Damaged status Not for loan Permanent Location Current Location Date acquired Accession Number Price effective from Koha item type
    Library of Congress Classification     NILE UNIVERSITY OF NIGERIA - MAIN LIBRARY NILE UNIVERSITY OF NIGERIA - MAIN LIBRARY 04/23/2025 0194538 04/23/2025 Books